| 000 | 00803nmc a2200265 a 4500 | ||
|---|---|---|---|
| 003 | AR-BaBNM | ||
| 005 | 20251128210257.0 | ||
| 008 | 199019s1996 ||||||||||||||000 | spa|| | ||
| 020 | _a968-842-564-8 | ||
| 040 | _cAR-BaBNM | ||
| 100 | 1 | _aSantoni Rugiu, Antonio | |
| 245 | 1 | 0 | _aNostalgia del maestro artesano |
| 250 | _a2ª ed. | ||
| 260 |
_aMéxico, D.F. _bUniversidad Nacional Autónoma de México. Centro de Estudios Sobre la Universidad _bMiguel Angel Porrúa _c1996 |
||
| 300 | 0 |
_a287 p. _bil. |
|
| 490 | 0 | _aProblemas educativos de México. Los clásicos | |
| 650 | 4 | _aHISTORIA DE LA EDUCACION | |
| 650 | 4 | _aDOCENTES | |
| 650 | 4 | _aRELACION ALUMNO-DOCENTE | |
| 650 | 4 | _aARTESANOS | |
| 650 | 4 | _aPRODUCCION INDUSTRIAL | |
| 650 | 4 | _aEDUCACION DE MASAS | |
| 942 | _cBK | ||
| 998 | _cRaquel | ||
| 999 |
_c14747 _d14747 |
||